Antología universal

Salvato in:
Dettagli Bibliografici
Autore principale: Boris Bureba Editor
Altri autori: Saez Ilustrador Sanz, M. Colaborador
Natura: Sconosciuto
Lingua:spagnolo
Pubblicazione: Madrid Boris Bureba 1950
Catalogo:MANES:  Risultati della ricerca del catalogo della biblioteca
Libro di testo Classificazione:
Tags: Aggiungi Tag
Nessun Tag, puoi essere il primo ad aggiungerne!!
Aggiunto a:2016-04-26
Cambiato in:2024-11-20

MARC

LEADER 000000000a22000000004500
001 16373
003 OSt
005 20241121020139.0
008 160427s sp ||||| |||| 00| 0 spa d
041 1 |a spa 
040 |c centro_manes 
691 7 |a PRI 
691 0 |a SE 
100 1 |a Boris Bureba  |b Editor  |9 12119 
690 0 |a EyL  |a LEN 
700 1 |a Saez  |b Ilustrador  |9 12120  |a Sanz, M.  |b Colaborador  |9 12121 
245 0 0 |a Antología universal 
260 3 |a Madrid  |b Boris Bureba  |c 1950 
300 |a 276p  |c 20 * 14 cm 
500 |a ILUSTRACIONES: Contiene pocas. ENCUADERNACIÓN: Rústica. DESCRIPCIÓN CONTENIDO: Texto variado. PALABRAS CLAVE: Texto. NéMERO EJEMPLARES: 1. Nº TOPOGRÁFICO: 843. CONSERVACIÓN: Buena. 
942 |2 ddc  |c BK 
546 |a España 
999 |c 22342  |d 22342 
999 |c manes:22342  |d 22342